Jigsaw cities (Record no. 107028)
[ view plain ]
| 000 -LEADER | |
|---|---|
| fixed length control field | 01219cam a22002415a 4500 |
| 001 - CONTROL NUMBER | |
| control field | L138150 |
| 008 - FIXED-LENGTH DATA ELEMENTS--GENERAL INFORMATION | |
| fixed length control field | 070518s2007 xxko f 001 0 eng d |
| 020 ## - INTERNATIONAL STANDARD BOOK NUMBER | |
| International Standard Book Number | 1861346581 |
| -- | 9781861346582 |
| 035 ## - SYSTEM CONTROL NUMBER | |
| System control number | (Sirsi) u138150 |
| 041 0# - LANGUAGE CODE | |
| Language code of text/sound track or separate title | eng |
| 050 04 - LIBRARY OF CONGRESS CALL NUMBER | |
| Classification number | 711.4 $2 18 |
| 100 1# - MAIN ENTRY--PERSONAL NAME | |
| Personal name | Power, Anne |
| 245 00 - TITLE STATEMENT | |
| Title | Jigsaw cities |
| Remainder of title | big places, small spaces |
| 260 ## - PUBLICATION, DISTRIBUTION, ETC. | |
| Place of publication, distribution, etc. | Bristol |
| Name of publisher, distributor, etc. | Policy Press |
| Date of publication, distribution, etc. | 2007 |
| 300 ## - PHYSICAL DESCRIPTION | |
| Extent | xiii, 264p. |
| Other physical details | ill. |
| Dimensions | 24cm. |
| 350 ## - PRICE (NR) (BK AM CF MU VM SE) [OBSOLETE] | |
| Price | 22.79 |
| 505 2# - FORMATTED CONTENTS NOTE | |
| Formatted contents note | How did we get here? -- Where are we now? -- Where do we go from here? |
| 520 ## - SUMMARY, ETC. | |
| Summary, etc. | Explores Britain's urban and global communities as interlocking pieces of a complex jigsaw, which are hard to see apart but are also deeply unequal. Discusses how cities became so unequal and how housing and neighbourhood decay can be reversed. Uses Birmingham, as a model of pioneering urban order and a victim of Modernist planning, to explore the origins of Britain's divided cities, the reasons why one size does not fit all in the cities of the future, and the potential for smart growth, mixed communities and sustainable cities. |
| 651 #4 - SUBJECT ADDED ENTRY--GEOGRAPHIC NAME | |
| Geographic name | England and Wales |
| Chronological subdivision | 1543- |
| 690 ## - LOCAL SUBJECT ADDED ENTRY--TOPICAL TERM (OCLC, RLIN) | |
| Topical term or geographic name as entry element | Planning and development |
| 9 (RLIN) | 6259 |
| 700 1# - ADDED ENTRY--PERSONAL NAME | |
| Personal name | Houghton, John |
| 942 ## - ADDED ENTRY ELEMENTS (KOHA) | |
| Suppress in OPAC | 0 |
| Withdrawn status | Lost status | Source of classification or shelving scheme | Damaged status | Not for loan | Home library | Current library | Shelving location | Date acquired | Total Checkouts | Full call number | Barcode | Date last seen | Date last checked out | Copy number | Price effective from | Koha item type |
|---|---|---|---|---|---|---|---|---|---|---|---|---|---|---|---|---|
| Dewey Decimal Classification | London | London | Books | 14/08/2007 | 6 | 711.4 POW | 30073946 | 06/08/2019 | 26/03/2010 | 1 | 06/08/2019 | Book |